| 000 | 00652nam a2200241Ia 4500 | ||
|---|---|---|---|
| 005 | 20260430150026.0 | ||
| 008 | 008 250103s9999 xx 000 0 eng d | ||
| 037 | _aTheses | ||
| 040 | _aCRL | ||
| 040 | _beng | ||
| 040 | _ceng | ||
| 041 | _2eng | ||
| 041 | _aeng | ||
| 084 | _qCRL | ||
| 100 |
_aPanjwani Bharti Au.; Singh Vijander Gu. _91236230 |
||
| 245 | 0 | _aDesign, analysis and control of physiological systems | |
| 260 | _c2021 | ||
| 300 | _a99p. | ||
| 650 | _aTechnology | ||
| 700 | _aUniversity of Delhi. Faculty of Technology. Department of Instrumentation and Control Engineering | ||
| 942 | _cTH | ||
| 999 |
_c1848759 _d1848759 |
||